000 00678nam a2200205Ii 4500
003 JO-AjNU
008 230605s9999||||xx |||||||||||||| ||und||
020 _a977-277-277-2
040 _aJO-AjNU
_bara
_erda
_cJO-AjNU
041 _aara
050 1 4 _aRA432 2003
100 3 _aفكري ، حسن,
_eauthor
_919079
245 0 0 _aالامراض المعدية اكثر من 35مرضا معديا تهدد الكبار والصغار
264 3 1 _aالقاهرة:دار الطلائع ، 2003
300 _a143ص
336 _atext
_btxt
_2rdacontent
337 _aunmediated
_bn
_2rdamedia
338 _avolume
_bnc
_2rdacarrier
650 4 _aالامراض المعدية
_919080
999 _aA6221
_c9789
_d9789